Normal view
MARC view
- Noor Ul Hasan Shah
Entry Personal Name
001 - CONTROL NUMBER
- control field: 62513
003 - CONTROL NUMBER IDENTIFIER
- control field: NUST
005 - DATE AND TIME OF LATEST TRANSACTION
- control field: 20210628202942.0
008 - FIXED-LENGTH DATA ELEMENTS
- fixed length control field: 210628|| aca||aabn | a|a d
040 ## - CATALOGING SOURCE
- Original cataloging agency: NUST
- Transcribing agency: NUST
100 ## - HEADING--PERSONAL NAME
- Personal name: Noor Ul Hasan Shah
670 ## - SOURCE DATA FOUND
- Source citation: Work cat.: (NUST): Noor Ul Hasan Shah, Toheed aur shirk ke hakekat, 2000
